000 01082nam a22002175i 4500
001 153867
003 ES-MaACL
005 20250728182716.0
008 981028s1805 sp a |||| | spa d
040 _aBA
_bspa
_cBA
245 0 0 _aMemoria sobre las disposiciones tomadas por el Gobierno para introducir en España el método de fumigar y purificar la atmósfera de Guiton de Morveau
_b: experimentos hechos con este motivo, y algunas otras noticias que prueban el poder desinfectante de los ácidos minerales ... con el fin de evitar los progresos del contagio de la fiebre amarilla, y su reproducción.
260 _aMadrid :
_ben la Imprenta Real,
_c1805.
300 _a92, 234 p., [11] h. de grab. :
_bil. ;
_c21 cm.
597 _aPort. con esc. xil.
599 _aTres esquemas xil. y ocho lám. calc.: "C. Maré ft" pleg., intercaladas en el texto.
650 4 _aMedicina-
_yS.XIX.
_9154860
700 2 _aGuyton de Morveau, Louis Bernard,
_d1737-1816
_9127672
700 1 _aMaré, C.
_9129672
852 _aES-MaACL
_jG-15197
_z-- Enc. pasta
999 _c153867
_d153867